000
00304nam a2200109Ia 4500
008
200302s9999 xx 000 0 und d
100
_a
Jim Antoniou, Ariba, Mrtpi
245
_a
Environmental Management Planning for Traffic
260
_b
Tata Mcgraw-Hill Publishing Co.
260
_c
1971
300
_a
171 P.,
999
_c
5635
_d
5635